Gaming Quiz

Random Gaming or Pokémon Quiz

Pokemon anagrams II (Gen I) Quiz Stats

 Plays Quiz not verified by Sporcle

Challenge
Share
Tweet
Embed
Score 0/20 Timer 10:00
0 Plays Today
Anagram Pokemon % Correct
A BraAbra
94.6%
A Rash DipRapidash
80%
Yank MeMankey
79.9%
Grit DuoDugtrio
73.4%
Sly TagGastly
70.5%
Camp HamMachamp
70.5%
Kind GinoNidoking
67.9%
Red HellsShellder
67%
Far WoeFearow
61.9%
In Or Doin'Nidorino
53.9%
Anagram Pokemon % Correct
In A CraneArcanine
53.4%
E.U. DodgeGeodude
51.7%
Neat LinesNinetales
50.9%
Fire ClayClefairy
50.5%
Tap DomeMetapod
47.2%
March On, LeeCharmeleon
44.6%
Beef CallClefable
44.2%
He, T.V. MoonVenomoth
44.2%
I Howl 'Trap'!Poliwrath
35.9%
Herd SwansSandshrew
35.2%

You're not logged in!

Compare scores with friends on all Sporcle quizzes.
Join for Free
OR
Log In

You Might Also Like...

Show Comments

Extras

Created Apr 11, 2010ReportNominate
Tags:Pokémon Quiz, anagrams, gen

Top Quizzes Today


Score Distribution

Your Account Isn't Verified!

In order to create a playlist on Sporcle, you need to verify the email address you used during registration. Go to your Sporcle Settings to finish the process.

Report this User

Report this user for behavior that violates our Community Guidelines.

Details: